00289nam a22000977a 4500082001400000100002300014245006900037260004400106300000800150650003300158 a297.7 JAM aJamir, Imnanunsang aA Critical Study on Role of Madrasa Education in Nation Building aHyderabadbHenry Martyn Institutec2018 a109 aIslam-Education and Training